000 00779nam a2200253Ia 4500
003 OSt
005 20220918164423.0
006 a|||||r|||| 00| 0
007 ta
008 220917b |||||||| |||| 00| 0 eng d
020 _a0571147119
024 _a5,113
037 _cTextual
040 _aARTS
_cARTS
_beng
041 _2eng
_aeng
082 _aO111,3M11:g, M7
100 _aPeters Catherine
_918810
245 0 _aThackeray's universe
_b Shifting worlds of imagination and rality
260 _aLondon
_bFaber and Faber UK
_c1987
300 _axi,292p , illus bibliography
_ccm.
650 _aTHACKERAY, WILLIAM MAKEPEACE - FICTIONS; ENGLISH LITERATURE
_918811
942 _hO111,3M11:g, M7
_cTEXL
_2CC
999 _c124688
_d124688